Optimalizácia riadenia verejných financií bakalárska práca

Salvato in:
Dettagli Bibliografici
Autore principale: Nguyen, Van Truong
Ente Autore: Národohospodárska fakulta EU. Katedra financií
Altri autori: Čambalová, Andrea
Natura: Libro
Lingua:slovacco
Pubblicazione: Bratislava 2010
Tags: Aggiungi Tag
Nessun Tag, puoi essere il primo ad aggiungerne!!

MARC

LEADER 00000nam$a2200000$$$4500
001 0136466
005 20240320074345.0
041 0 |a slo 
044 |a SK 
245 1 0 |a Optimalizácia riadenia verejných financií  |b bakalárska práca  |c Van Truong Nguyen ; školiteľ: Andrea Čambalová 
264 1 |a Bratislava  |c 2010 
300 |a 45 s. 
100 1 |a Nguyen, Van Truong 
700 1 |a Čambalová, Andrea 
710 2 |a Národohospodárska fakulta EU. Katedra financií